000 01220nam a2200253Ia 4500
999 _c38302
_d38302
001 4312
003 GE_BSU
005 20191007164640.0
008 181216s1959||||ge |||||||||||||| ||geo||
040 _cGE_BSU
041 _ageo
080 _a94(479.22)+394(=353.1) მ-19
100 _aმაკალათია, ს.
_94598
245 _aთეძმის ხეობა :
_bისტორიულ-ეთნოგრაფიული ნარკვევი /
_cსერგი მაკალათია ; რედ. გ.ზარდალაშვილი.
264 _aთბილისი :
_bსაქ. სსრ მეცნ. აკად. გამ-ბა,
_c1959.
300 _a50 გვ.:
_bილ. ;
_c22 სმ.
500 _aგაშლილი თავფურც. რუს ენ.
504 _aბიბლიოგრ. შენიშვნებში.
653 _aსაქართველოს ისტორია;
653 _aქართლის ისტორია;
653 _aქართველების ეთნოგრაფია;
700 _aზარდალაშვილი, გ
_eრედაქტორი
_94599
942 _cBK
_2udc